<?xml version="1.0" encoding="UTF-8"?>
<record
    xmlns:xsi="http://www.w3.org/2001/XMLSchema-instance"
    xsi:schemaLocation="http://www.loc.gov/MARC21/slim http://www.loc.gov/standards/marcxml/schema/MARC21slim.xsd"
    xmlns="http://www.loc.gov/MARC21/slim">

  <leader>00588nam a22001817a 4500</leader>
  <controlfield tag="008">230419b        |||||||| |||| 00| 0 eng d</controlfield>
  <datafield tag="020" ind1=" " ind2=" ">
    <subfield code="a">97899785080407</subfield>
  </datafield>
  <datafield tag="040" ind1=" " ind2=" ">
    <subfield code="a">NLN</subfield>
    <subfield code="b">Eng</subfield>
  </datafield>
  <datafield tag="050" ind1=" " ind2=" ">
    <subfield code="a">DT515.83.I33</subfield>
    <subfield code="b">C534</subfield>
  </datafield>
  <datafield tag="082" ind1=" " ind2=" ">
    <subfield code="a">823.2</subfield>
  </datafield>
  <datafield tag="100" ind1=" " ind2=" ">
    <subfield code="a">CHIGBO, Enuma</subfield>
    <subfield code="e">aut</subfield>
    <subfield code="9">21668</subfield>
  </datafield>
  <datafield tag="245" ind1=" " ind2=" ">
    <subfield code="a">Born to serve /</subfield>
    <subfield code="c">Enuma Chigbo and Ejiro Barrett</subfield>
  </datafield>
  <datafield tag="260" ind1=" " ind2=" ">
    <subfield code="a">FCT, Abuja (Close road 341, Gwarinpa Estate) :</subfield>
    <subfield code="b">African Agenda Publication,</subfield>
    <subfield code="c">2011.</subfield>
  </datafield>
  <datafield tag="300" ind1=" " ind2=" ">
    <subfield code="a">v, 206p. :</subfield>
    <subfield code="b">col. ill.; 22cm.</subfield>
  </datafield>
  <datafield tag="650" ind1=" " ind2=" ">
    <subfield code="a">Imoke, Liyel</subfield>
    <subfield code="9">21672</subfield>
  </datafield>
  <datafield tag="650" ind1=" " ind2=" ">
    <subfield code="a">Governor</subfield>
    <subfield code="v">Cross River state</subfield>
    <subfield code="x">Biography</subfield>
    <subfield code="9">21673</subfield>
  </datafield>
  <datafield tag="942" ind1=" " ind2=" ">
    <subfield code="c">BK</subfield>
  </datafield>
  <datafield tag="999" ind1=" " ind2=" ">
    <subfield code="c">10922</subfield>
    <subfield code="d">10922</subfield>
  </datafield>
  <datafield tag="952" ind1=" " ind2=" ">
    <subfield code="0">0</subfield>
    <subfield code="1">0</subfield>
    <subfield code="2">lcc</subfield>
    <subfield code="4">0</subfield>
    <subfield code="7">0</subfield>
    <subfield code="a">ABE</subfield>
    <subfield code="b">MAIN</subfield>
    <subfield code="d">2023-04-19</subfield>
    <subfield code="l">0</subfield>
    <subfield code="o">DT515.83.I33 C534</subfield>
    <subfield code="p">2023-0104</subfield>
    <subfield code="r">2023-04-19 00:00:00</subfield>
    <subfield code="w">2023-04-19</subfield>
    <subfield code="y">BK</subfield>
  </datafield>
</record>
